| 000 | 02336nam0a2200361 4500 | ||
|---|---|---|---|
| 001 | RU\NLR\BIBL_A\012570644 | ||
| 005 | 20220118135442.0 | ||
| 010 |
_a978-5-98941-326-3 _950 |
||
| 021 |
_aRU _bКН-П-21-019353 _9КН-П-21-1497 |
||
| 035 | _a(NLR Aleph) 012570644 | ||
| 090 |
_a12490046 _c12490046 |
||
| 100 | _a20210727d2020 u y0rusy50 ca | ||
| 101 | 0 | _arus | |
| 102 | _aRU | ||
| 105 | _aa|||j|||000zy | ||
| 181 | 0 |
_ai _baxxe |
|
| 182 | 0 | _an | |
| 200 | 1 |
_aИнтеллектуальные системы _eучебное пособие _eдля студентов магистратуры направлений подготовки "Системный анализ и управление" и "Информационные системы и технологии" _fА.А. Тюгашев _gМинистерство транспорта Российской Федерации, Федеральное агентство железнодорожного транспорта, Федеральное государственное бюджетное образовательное учреждение высшего образования "Самарский государственный университет путей сообщения" |
|
| 203 |
_aТекст _bвизуальный _cнепосредственный |
||
| 210 |
_aСамара _cИзд-во СамГУПС _d2020 |
||
| 215 |
_a151, [1] с. _cил., _d21 |
||
| 313 | _aПриведены примеры интеллектуального анализа данных на примере системы DEDUCTOR. | ||
| 320 | _aБиблиогр.: с. 149-151 (31 назв.) | ||
| 606 | 1 |
_aИскусственные нейронные сети _jУчебные издания для высших учебных заведений _2nlr_sh1 _2nlr_sh2 _3RU\NLR\AUTH\6696472 |
|
| 606 | 1 |
_aDEDUCTOR , пакет прикладных программ _jУчебные издания для высших учебных заведений _2nlr_sh2 _3RU\NLR\AUTH\6601692027 |
|
| 686 | 1 | _aЗ818я73-1 | |
| 686 | 1 | _aЗ973.23-018.22я73-1 | |
| 700 | 1 |
_aТюгашев _bА. А. _gАндрей Александрович |
|
| 942 | _cBOOK | ||
| 980 | _aNBR | ||
| 980 | _aNB | ||